| 000 | 00835nam a2200217Ia 4500 | ||
|---|---|---|---|
| 001 | 18721 | ||
| 005 | 20260320155031.0 | ||
| 008 | 260306s9999||||xx |||||||||||||| ||und|| | ||
| 041 | _aESP | ||
| 082 |
_a658.5 _bC75 2016 |
||
| 100 |
_aCollier, David A., _eAUT |
||
| 245 | 0 | _aAO5. Administración de operaciones | |
| 260 | _c2016 | ||
| 300 |
_a424 páginas : _c27 cm. |
||
| 650 | _aGEN | ||
| 654 | _aCAN | ||
| 856 |
_uhttps://itmsp.museknowledge.com/UCSP?url=https://www.ebooks7-24.com:443/?il=3200&pg=1 _zVersión digital |
||
| 856 |
_uhttps://0u213tdd6-y-https-ebooks7--24-com.itmsp.museknowledge.com/biblioteca.aspx _zVéase además: Base de datos Ebook7-24 |
||
| 856 |
_uhttps://0u20ftdd8-y-https-research-ebsco-com.itmsp.museknowledge.com/c/qxo6us/search _zVéase además: Base de datos EBSCOhost |
||
| 942 |
_cLIB _dJUS _fJUS _2ddc |
||
| 999 |
_c18721 _d18721 |
||